000 00279nam a2200109Ia 4500
001 1272376
005 20260417151427.0
008 260417s9999 xx 000 0 und d
020 _a9786256999985
245 0 _aYürekdede ile Padişah
_cCahit Zarifoğlu
260 _bKetebe Çocuk
999 _c1272376
_d1272376